El último espía / (Registro nro. 11814)

Detalles MARC
000 -LIDER
fixed length control field 00858cam a2200313 a 4500
001 - NÚMERO DE CONTROL
Identificador de número de control 0238
003 - IDENTIFICACDOR DE NÚMERO DE CONTROL
control field DO-SdBNP
005 - DATE AND TIME OF LATEST TRANSACTION
control field 20180208110742.0
006 - DATOS DE LONGITUD FIJA / CARACTERÍSTICAS ADICIONALES MATERIAL CHARACTERISTICS
fixed length control field 0238
008 - ELEMENTOS DE LONGITUD FIJA
fixed length control field 930428s2010 ag a j 000 1 spa
010 ## - NUMERO DE CONTROL DE BIBLIOTECA DEL CONGRESO
LC control number
020 ## - ISBN
International Standard Book Number 9799870407485
035 ## - NÚMERO LOCAL
System control number
040 ## - FUENTE DE CATALOGACIÓN
Agencia que crea de manera original el registro BPMSU
Agencia que realiza la transcripción spa
Agencia que realiza la modificación BPMSU
050 ## - NÚMERO DE CLASIFICACIÓN BIBLIOTECA DEL CONGRESO
Classification number
Item number
082 #4 - NÚMERO DE CLASIFICACIÓN DECIMAL DE DEWEY
Edition number
100 1# - ASIENTO PRINCIPAL -- NOMBRE PERSONAL
Nombre personal Santis, Pablo de,
Fechas asociadas con el nombre 1963-
245 13 - MENCIÓN DE TITULO
Título El último espía /
Mención de responsabilidad Pablo de Santis ; ilustrador Max Cachimba
260 ## - PUBLICACIÓN, DISTRIBUCIÓN, ETC. (PIE DE IMPRENTA)
Lugar de publicación, distribución, etc Buenos Aires :
Nombre del editor, distribuidor, etc. Editorial Alfaguara,
Fecha de publicación, distribución, etc 2010
300 ## - DESCRIPCIÓN FÍSICA
Extensión 68 p. :
Otros detalles físicos il. ;
Dimensiones 21 cm.
490 1# - MENCIÓN DE SERIES
Mención de serie Afaguara infantil
500 ## - NOTA GENERAL
Nota general Incluye datos biográficos del autor : p. 91
500 ## - NOTA GENERAL
Nota general
700 ## - ASIENTO SECUNDARIO -- NOMBRE PERSONAL
Nombre personal Cachimba, Max
Mención de responsabilidad ilustrador
830 ## - ASIENTO SECUNDARIO DE SERIE--TÍTULO UNIFORME
Título uniforme Afaguara infantil
942 ## - ADDED ENTRY ELEMENTS (KOHA)
Source of classification or shelving scheme Dewey Decimal Classification
Koha item type Libros
945 ## - INFORMACIÓN DE PROCESAMIENTO LOCAL
Información de procesamiento local Inventariado, 2018/MFF
956 ## - LOCAL ELECTRONIC LOCATION AND ACCESS (OCLC)
Nombre de host VMATEO
Número de acceso 10
Información de compresión 20161107
Trayectoria BPMSU
Nombre Electrónico 0069
Existencias
Withdrawn status Lost status Source of classification or shelving scheme Damaged status Not for loan Collection code Home library Current library Date acquired Source of acquisition Total Checkouts Barcode Date last seen Price effective from Koha item type Copy number
    Dewey Decimal Classification     Colección Infantil General Biblioteca Pública Metropolitana Salomé Ureña Biblioteca Pública Metropolitana Salomé Ureña 11/07/2016 Afaguara   BPMSU16110130 11/07/2016 11/07/2016 Libros  
    Dewey Decimal Classification     Colección Infantil General Biblioteca Pública Metropolitana Salomé Ureña Biblioteca Pública Metropolitana Salomé Ureña 11/07/2016 Afaguara   BPMSU16110131 11/07/2016 11/07/2016 Libros e.2
    Dewey Decimal Classification     Colección Infantil General Biblioteca Pública Metropolitana Salomé Ureña Biblioteca Pública Metropolitana Salomé Ureña 11/07/2016 Afaguara   BPMSU16110132 11/07/2016 11/07/2016 Libros e. 3